000 00536nam a22002057a 4500
005 20220525095052.0
008 220525b ||||| |||| 00| 0 eng d
040 _cAL
041 _aEnglish
082 _223
_a385.12
_bSAXR
100 _aR N Saxena
_938927
245 _aRail Transport Pricing in India
260 _aNew Delhi
_bMeeranjani Publications
_c1985
300 _a549 p.
_bHB
_c24x16 cm.
650 _aRail
_938928
650 _aTransport
_938929
650 _2India
700 _aSAXENA (R N)
_938930
942 _2ddc
_cGF
999 _c223108
_d223108